000 01743nam a2200397 i 4500
003 DO-SdBNP
005 20260415143648.0
007 ta
008 210414b 2017 dr abc 00| 0 eng d
020 _a9789945866513
040 _aDO-SdBNP
_bspa
_cBNPHU
041 _aspa
082 4 _a359.4
_bM433m 2017
_222
100 1 _aMatos G., Ramiro
_q(Matos González)
_eautor
_954624
_4aut.
245 1 0 _aMisión naval a España (1954) :
_bAlmirante Lajara Burgos, vicisitudes y consejo de guerra /
_cRamiro Matos González, Homero Luis Lajara Solá ; prólogo: Juan Daniel Balcácer ; cuidado de edición: Cándido Gerón, César Leónidas Báez
250 _aTercera edición
264 _aSanto Domingo, República Dominicana :
_bSerigraf,
_c©2017.
300 _a446 páginas :
_bilustraciones, fotografías, mapas, retratos ;
_c26 cm.
336 _atexto
_btxt
_2rdacontent
337 _asin mediación
_bn
_2rdamedia
338 _avolumen
_bnc
_2rdacarrier
500 _aIncluye datos biográficos de los autores en las solapas
500 _aIncluye índice onomástico
504 _aBibliografía : p. 433-437
590 _aInventariado, 2021 /LP
600 1 4 _aLajara Burgos, Luis Homero
_d 1920-1994
_978565
610 1 4 _aRepública Dominicana.
_bMarina de Guerra . Oficiales
_978566
650 4 _aMisiones militares
_xHistoria
_978568
651 4 _aRepública Dominicana
_xHistoria naval
_ySiglo XX
_978569
700 1 _aLajara Burgos, Luis Homero,
_d 1920-1994
_917778
700 1 _aBalcácer, Juan Daniel,
_d1949-
_eprologuista
_96566
_4pr.
700 1 _aGerón, Candido,
_d1948-
_eedición
_93577
_4ed.
700 1 _aBáez, César Leónidas,
_eedición
_978382
_4ed.
910 _aValidado. Control de calidad MFF
942 _2ddc
_cLBS1
999 _c49730
_d49730